| 000 | 00436nam a2200157Ia 4500 | ||
|---|---|---|---|
| 008 | 210716s2007 xx 000 0 und d | ||
| 020 | _a0070620172 | ||
| 041 | _aeng | ||
| 082 | _a338.04 HISR | ||
| 100 | _aHisrich, Robert D;Peters, Michael P;Shepherd, Dean A. | ||
| 245 | _aEntrepreneurship. | ||
| 250 | _a6 | ||
| 260 |
_aNew Delhi _bTata McGraw Hill Publishing Company Ltd _c2007 |
||
| 300 | _axx,591 | ||
| 650 | _aEntrepreneurship | ||
| 999 |
_c201990 _d201990 |
||